| 000 | 00966nac a22002291u 4500 | ||
|---|---|---|---|
| 010 | _a 90021346 | ||
| 020 | _a0534131824 : | ||
| 082 | 0 | 0 |
_a350 _bDEN |
| 090 |
_c3899 _d3899 |
||
| 100 | _aDenhardt, Robert B. | ||
| 245 | 1 | 0 |
_aPublic administration : an action orientation / _cRobert B. Denhardt. |
| 260 |
_aPacific Grove, Calif. : _bWadsworth,1991. _cc1991. |
||
| 300 |
_axix, 441 p. : _bill. ; _c25 cm. |
||
| 500 | _aDistributer : Dar Fathy Taha Mohamed Desoukey | ||
| 504 | _aIncludes bibliographical references (p. 415-425) and index. | ||
| 511 | _aCatalogued by: Sara | ||
| 650 | 0 | _aPublic administration. | |
| 942 |
_cBB _k350DEN |
||
| 999 |
_c3899 _d3899 |
||